The italian painters of the renaissance

Bewaard in:
Bibliografische gegevens
Hoofdauteur: Berenson, Bernard G (Auteur)
Formaat: Boek
Taal:Engels
Gepubliceerd in: Londres Phaidon 1952
Onderwerpen:
Tags: Voeg label toe
Geen labels, Wees de eerste die dit record labelt!

MARC

LEADER 00000nam a2200000 a 4500
001 UCZ7881
003 CL-VaPUC
008 960112e19520000UK |||||||||||||||||eng|d
082 0 4 |a 759.03  |b BER  |2 21 
100 0 |a Berenson, Bernard G  |e author  |9 344940 
245 1 4 |a The italian painters of the renaissance 
300 |a v 
942 |c BK 
945 |d 19960112 00:00:00  |a mcarcey 
260 |a Londres  |b Phaidon  |c 1952 
500 |a v.1: The venetian painters. The north italien painters 
650 0 |a Pintura italiana  |9 265293 
650 0 |a Pintores italianos  |9 265277 
650 0 |a Renacimiento  |9 255107 
651 0 |a Italia  |9 254949 
583 |a last modification  |c 19960112 00:00:00  |k Rodrigo Vera 
999 |c 243870  |d 243868 
952 |0 0  |1 0  |4 0  |6 759_030000000000000_BER_1952  |7 0  |8 A  |9 257705  |a BIBART  |b BIBART  |d 2019-11-19  |h v.1  |i 3143287  |o 759.03 BER 1952  |p 3143287  |r 2025-03-13  |w 2019-11-19  |y BK  |k ART